000 00486 a2200145 4500
999 _c3176
_d3176
020 _a9780128013908
050 _aHD 58.8 DEP 2015
100 _aDePamphilis, Donald M.
245 _aMergers,acquisitions, and other restructuring activities
_ban integrated approach to process, tools, cases, and solutions /
_cDonald M DePmphilis
264 _aAmsterdam
_bElsevier
_c2015
300 _axxiv,758p.
500 _ainclude index
650 _aMergers
942 _2lcc
_cBK
_e8th ed.
_h58.8
_iDEP
_kHD